000 00558nam a2200193Ia 4500
003 GCL
008 140319s9999 xx 000 0 eng d
040 _aGCL /
_cGCL
082 0 4 _a621.3815
_bK H
100 1 _aKEAR, FRED W.
245 1 0 _aHYBRID ASSEMBLIES AND MULTICHIP MODULES /
_cKEAR, FRED W.
260 _a[S.N] :
_bMARCEL DEKKER, INC ،
_c1993
300 _a278 PP
650 0 4 _aDESIGN - CONSTRUCTION
650 0 4 _aHYBRID INTERGRATED CIRCUITS
650 0 4 _aMULTICHIP MODULES
650 0 4 _aMULTICHIP MODULES ( MICROELECTRONIC )
942 _2ddc
_cBK
999 _c24083
_d24083